Fr. Conceicao Rodrigues College of Engineering

Physics for scienctist and engineering with modern physics (Record no. 36098)

MARC details
000 -LEADER
fixed length control field 00413nam a22001577a 4500
003 - CONTROL NUMBER IDENTIFIER
control field OSt
005 - DATE AND TIME OF LATEST TRANSACTION
control field 20241028123718.0
008 - FIXED-LENGTH DATA ELEMENTS--GENERAL INFORMATION
fixed length control field 241028b |||||||| |||| 00| 0 eng d
020 ## - INTERNATIONAL STANDARD BOOK NUMBER
International Standard Book Number 9789355739223
040 ## - CATALOGING SOURCE
Transcribing agency
082 ## - DEWEY DECIMAL CLASSIFICATION NUMBER
Edition number 10
Classification number 530
Item number SER
245 ## - TITLE STATEMENT
Title Physics for scienctist and engineering with modern physics
Statement of responsibility, etc. Serway,Raymond A
250 ## - EDITION STATEMENT
Edition statement 10
260 ## - PUBLICATION, DISTRIBUTION, ETC.
Name of publisher, distributor, etc. Cengage
Date of publication, distribution, etc. 2019
942 ## - ADDED ENTRY ELEMENTS (KOHA)
Source of classification or shelving scheme Dewey Decimal Classification
Koha item type BOOK
Edition 10
Call number prefix 530
Call number suffix SER
Suppress in OPAC No
Holdings
Withdrawn status Lost status Source of classification or shelving scheme Damaged status Not for loan Collection Home library Current library Date acquired Cost, normal purchase price Inventory number Total Checkouts Full call number Barcode Date last seen Date last checked out Price effective from Koha item type
    Dewey Decimal Classification     Physics Fr. Agnel's C.Rodrigues College of Engineering Fr. Agnel's C.Rodrigues College of Engineering 28/10/2024 1575.00 AO/24/10/572 dt 22.10.2024 1 530/SER 26511 26/11/2024 26/11/2024 28/10/2024 BOOK
    Dewey Decimal Classification     Physics Fr. Agnel's C.Rodrigues College of Engineering Fr. Agnel's C.Rodrigues College of Engineering 28/10/2024 1575.00 AO/24/10/572 dt 22.10.2024 1 530/SER 26512 23/12/2024 25/11/2024 28/10/2024 BOOK